000 01040cam a2200289 a 4500
001 2977330
003 OSt
005 20230619103619.0
008 920522s1993 enka b 001 0 eng
010 _a 92019987
020 _a3540197591 (Berlin : acidfree paper)
020 _a0387197591 (New York : acidfree paper)
020 _a9231027573 (UNESCO : acidfree paper)
040 _aDLC
_cDLC
_dDLC
082 0 0 _a006.3
_bGOR
100 1 _aGöranzon, Bo,
_d1941-
245 1 4 _aThe practical intellect :
_bcomputers and skills /
_cBo Göranzon.
260 _aLondon ;
_aNew York :
_bSpringer-Verlag,
_cc1993.
300 _ax, 116 p. :
_bill. ;
_c25 cm.
440 0 _aArtificial intelligence and society
504 _aIncludes bibliographical references (p. [105]-110) and index.
650 0 _aComputers.
650 0 _aElectronic data processing.
906 _a7
_bcbc
_corignew
_d1
_eocip
_f19
_gy-gencatlg
942 _2ddc
_cBK
999 _c1209
_d1209